000
00376nam a2200145Ia 4500
008
231129s2006||||xx |||||||||||||| ||spa||
020
_a
84-261-2400-3
040
_b
spa
082
_a
(i) 686 A411c
100
_a
Aliki
245
0
_a
Cómo se hace un libro
260
_c
2006
264
_a
Barcelona España : Juventud
942
_2
ddc
_c
BKS
999
_c
7673
_d
7673